000 01319nam0a22003011 4500
001 rc\3726390
005 20250610065055.0
035 _a(NLR Aleph) 007776928
090 _a7527811
_c7527811
100 _a20130115d1970 |||y0rusy50 ca
101 0 _arus
102 _aRU
105 _aa z |||||
200 1 _aСистема планирования технологической подготовки производства на заводах летательных аппаратов
_eМетод. материалы
_fНауч.-исслед. ин-т технологии и организации производства. НИАТ
210 _a[Москва]
_cБ. и.
_d1970
215 _a207 с., 2 л. граф.
_cил.
_d30
300 _aНа обороте тит. л. сост.: Дворецкий И.М., Желудов С.Ш., Госина И.С. [и др.]
309 _aОтпеч. множит. аппаратом
320 _aБиблиогр.: с. 205-206
333 _aДля служебного пользования. Экз. № 000007
702 1 _aЖелудов
_bС.Ш.
_4220
702 1 _aГосина
_bИ.С.
_4220
702 1 _aДворецкий
_bИ.М.
_4220
801 0 _aRU
_bNLR
_gpsbo
801 1 _aRU
_bELAR
_2rusmarc
852 _aNLR
_j50К/25923
942 _cBOOK
980 _aNB